000 00365 a2200145 4500
001 63520
040 _cAnchieta - Pituba
100 _aCASTRO, Luciana de Oliveira Sampaio
240 1 0 _aWritten Test - Form B, III Unidade
_lpor
245 1 0 _aWritten Test - Form B, III Unidade
300 _a4
362 0 _a2017
650 4 _aInglês e inglês antigo
942 _cBK
999 _c63520
_d63520